| 000 | 00721cam a22002533a 4500 | ||
|---|---|---|---|
| 001 | 30930 | ||
| 003 | PGUSA | ||
| 005 | 20140828083653.0 | ||
| 008 | 100111s2010||||xxu|||||s|||||000 | eng d | ||
| 040 |
_aPGUSA _beng |
||
| 042 | _adc | ||
| 050 | 4 | _aBL | |
| 100 | 1 |
_aRosny, Lucien de, _d1810-1871 |
|
| 245 | 1 | 0 |
_aL'idée de Dieu dans la philosophie religieuse de la Chine _h[electronic resource] / _cLucien de Rosny |
| 260 |
_bProject Gutenberg, _c2010 |
||
| 506 | _aPublic domain in the USA. | ||
| 516 | _aElectronic text | ||
| 653 | _aPhilosophy, Chinese | ||
| 653 | _aChina -- Religion | ||
| 653 | _aGod | ||
| 830 | 0 |
_aProject Gutenberg _v30930 |
|
| 856 | 4 | 0 | _uhttp://www.gutenberg.org/ebooks/30930 |
| 942 | _cEB | ||
| 999 |
_c260185 _d260185 |
||